| 000 | 01391 a2200253 4500 | ||
|---|---|---|---|
| 001 | 53381 | ||
| 005 | 20260407155808.0 | ||
| 008 | 260407a1965 arg spa d | ||
| 003 | AR-UNSa-BCEJYS | ||
| 040 |
_aAR-UNSa-BCEJYS _bspa _cAR-UNSa-BCEJYS |
||
| 080 |
_a634.6 _xFrutos tropicales y Subtropicales diversos (Cocoteros) |
||
| 245 | 1 | 0 | _aCultivo y mejoramiento de plantas tropicales y subtropicales |
| 264 | 1 |
_aMéxico : _bLimusa-Wiley _c1965 |
|
| 300 |
_a2v. (005-828; 837-1536 p.) _c23 cm. |
||
| 505 | _aVol. I. Parte I.: GENERALIDADES: 1. El clima y la fisiografía – 2. Formación del suelo – 3. Propiedades químicas y físicas del suelo y su materia orgánica – 4. Fertilidad del suelo – 5. Manejo del suelo – 6. Prácticas de cultivo, mejoramiento de las plantas consideraciones económicas y valor alimenticio de los productos tropicales - - Parte II.: COSECHAS: 7. Los plátanos y los cítricos – 8. Otros cultivos frutales. Vol. II. 9. Especias – 10. Bebidas- café – cacao, té – 11. Hule y quina – 12. Cultivos de oleaginosas – 13. Plantas textiles – 14. Caña de azúcar y otros cultivos. | ||
| 942 | _cBK | ||
| 590 | _aniveau_biblio:m niveau_hierar:0 | ||
| 100 | 1 | _aOchse, J.J. | |
| 700 | 1 | _aSouler, M.J. | |
| 700 | 1 | _aBlackaller Valdes, Alonso | |
| 700 | 1 | _aDijkman, M.J. | |
| 700 | 1 | _aSanchez Duron, Nicolás | |
| 700 | 1 | _aWehlburg, C. | |
| 999 |
_c5233 _d5233 |
||